Elaboració del pressupost i Sicalwin
Publicado:
Barcelona :
Diputació de Barcelona. Àrea d’Hisenda i Recursos Interns. Intervenció General. Servei d’Assistència a la Gestió Econòmica Local ,
2009
Descripción Física:
29 cm
Otros Autores:
Herrero Arancón, Fernando
MARC
| LEADER | 00000nam a2200000Ia 4500 | ||
|---|---|---|---|
| 001 | 23857 | ||
| 008 | 160829s2009 xx 000 0 cat d | ||
| 080 | |a Bib-81 | ||
| 245 | |a Elaboració del pressupost i Sicalwin | ||
| 260 | |a Barcelona : |b Diputació de Barcelona. Àrea d’Hisenda i Recursos Interns. Intervenció General. Servei d’Assistència a la Gestió Econòmica Local, |c 2009 | ||
| 300 | |a 29 cm | ||
| 590 | |a Succesió de paginació diferenciada | ||
| 650 | |a Gestió pressupostària |9 26286 | ||
| 650 | 0 | |a Pressupost |z Barcelona (Provincia) |x Dret i legislació |9 49697 | |
| 700 | 1 | |a Herrero Arancón, Fernando |9 43140 | |
| 710 | 1 | |a Barcelona (Catalunya : Província). |b Servei d’Assistència a la Gestió Econòmica Local |9 53081 | |
| 901 | |a Arxiu | ||
| 942 | |n 1 | ||
| 952 | |0 0 |1 0 |4 0 |6 BIB81 |7 1 |9 55539 |a Arxiu |b Arxiu |d 2016-12-01 |l 0 |o Bib-81 |p 23857 |r 2016-12-01 00:00:00 |w 2016-12-01 |y ARXIU | ||
| 999 | |c 59412 |d 59412 | ||